1320 1363 1334 1114 1106 1199 1758 1250 1652 1835 1944 1831 1420 1873 1160 1583 1975 1895 1204 1579 1572 1416 1908 1136 1678 1670 1497 1365 1981 1191 1697 1622 1722 1979 1525 1236 1337 1428 1320 1805 1535 1618 1975 1948 1221 1095 1915 1588 1233 1561 1125 1856 1450 1707 1848 1767 1985 1414 1368 1915 1501 1508 1728 1051 1664 1720 1409 1250 1860 1629 1468 1090 1781 1412 1867 1739 1338 1784 1342 1026 1447 1795 1322 1716 1002 1890 1740 1923 1485 1669 1663 1720 1654 1066 1338 1002 1840 1642 1843 BCNSPRNW ULIB Ver.6.0+V

เปลี่ยนเป็นภาษาไทย

Change to English
 แสดงรายละเอียดบรรณานุกรม
  กลับหน้าหลัก

Brief Record : Get Marc (ISO 2709) : E-mail record : QR code < ปิดหน้าต่าง
LEADER : 00000nam 2200000uu 4500
001    13399114915
003     ULIB
008    120621s2547||||th 000 0 tha d
020    ^a9740864112
060  4 ^aQS4^bว365ก
100 0  ^aริชาร์ด วอล์คเกอร์
245 10 ^aร่างกายของมนุษย์ กล้ามเนื้อ /^cแฟรงคลิน วัตต์ส
246 32 ^aเราเคลื่อนไหวและออกกำลังกายอย่างไร
250    ^aพิมพ์ครั้งที่ 3
260    ^aกรุงเทพฯ :^bไทยวัฒนาพานิช,^c2547
500    ^aกล้ามเนื้อ.
945    ^p290^l0^i24849
995    ^aกัณชพร
999    ^aใช้งานได้ทุกระบบ
รายการนี้ยังไม่มีแท็ก
คุณยังไม่ได้ล็อกอิน คุณสามารถมีกิจกรรมร่วมกับเว็บไซต์ได้ แต่ต้องล็อกอินก่อน ::
  ล็อกอิน

รายการสื่อสารสนเทศ

ลำดับที่ ประเภท เลขเรียก/บาร์โค้ด สถานที่ สถานะ
- ไม่พบข้อมูล -

รายการใกล้เคียง
    ผู้แต่ง [ริชาร์ด วอล์คเกอร์]

BibComment


ยังไม่เคยถูกคอมเมนท์

คอมเมนท์ทรัพยากรรายการนี้
  คอมเมนท์: ร่างกายของมนุษย์..


 Copyright 2026. Bcnsprnw @Library